ՀՀ Գիտությունների ազգային ակադեմիայի հիմնարար գիտական գրադարան  =   Fundamental Scientific Library of NAS RA

Введение в теорию познания / (Record no. 541665)

MARC details
000 -LEADER
fixed length control field 01177nam a22002411a 4500
003 - CONTROL NUMBER IDENTIFIER
control field AM-YEHGA
005 - DATE AND TIME OF LATEST TRANSACTION
control field 20260309164113.0
008 - FIXED-LENGTH DATA ELEMENTS--GENERAL INFORMATION
fixed length control field 180313q1910 ru ||||| |||| 00| 0 rus d
040 ## - CATALOGING SOURCE
Original cataloging agency AM-YeHGA
041 1# - LANGUAGE CODE
Language code of text/sound track or separate title rus
Language code of original ger
001 - CONTROL NUMBER
control field 1325018
100 1# - MAIN ENTRY--PERSONAL NAME
Personal name Мессер, Август
245 10 - TITLE STATEMENT
Title Введение в теорию познания /
Statement of responsibility, etc. А. Мессер, проф. Гиссен. ун-та; Разреш. авт. пер. с нем. А.А. Франковского; Под ред. [и с предисл.] С.О. Грузенберга; С предисл. авт. к рус. изд.
260 ## - PUBLICATION, DISTRIBUTION, ETC.
Place of publication, distribution, etc. Санкт-Петербург :
Name of publisher, distributor, etc. О. Богданов,
Date of publication, distribution, etc. [1910].
300 ## - PHYSICAL DESCRIPTION
Extent 181 с. :
Dimensions 20 см.
500 ## - GENERAL NOTE
General note В конце предисл.: Август Мессер
500 ## - GENERAL NOTE
General note Библиогр.: "Указатель литературы" (с. 171-173)
650 14 - SUBJECT ADDED ENTRY--TOPICAL TERM
Topical term or geographic name entry element Теория познания
700 1# - ADDED ENTRY--PERSONAL NAME
Personal name Франковский, Адриан Антонович
Relator term пер.
Relationship trl
700 1# - ADDED ENTRY--PERSONAL NAME
Personal name Грузенберг, Семен Осипович
Dates associated with a name 1876-1938
Relator term ред.
Relationship edt
Relator term авт. предисл.
Relationship aui
942 ## - ADDED ENTRY ELEMENTS (KOHA)
Source of classification or shelving scheme Universal Decimal Classification
Koha item type Գրքեր / Books
998 ## - LOCAL CONTROL INFORMATION (RLIN)
Cataloger's initials, CIN (RLIN) NLAICSHUSHANIK
Holdings
Withdrawn status Lost status Damaged status Not for loan Collection Home library Current library Date acquired Total checkouts Full call number Barcode Date last seen Price effective from Koha item type Public note
        Kusikian Individual Collection Fundamental Scientific Library Fundamental Scientific Library 20/02/2026   Кус/6378 FL0702309 20/02/2026 20/02/2026 Գրքեր / Books ILL Non-Circ.


ՀՀ ԳԱԱ հիմնարար գիտական գրադարան
ՀՀ,Երևան 0019
Մարշալ Բաղրամյան 24/6
հեռախոս:(374-10) 52-47-50
Հետադարձ կապ

All site content, except where otherwise noted, is licensed under a
Creative Commons License